000 01417cam a22002054a 4500
005 20250605163939.0
008 250528s ||||||||||||||||||||||||d
035 _a14953
020 _a850121116
040 _aGR-AtMCL
_bgre
_dGR-AtMCL
_eAACR2
245 1 _aIntroducing Computer Programming / A Machine and Language - Independent Textbook for Beginners
260 _bNcc Publications,
_c1974
300 _a366
505 0 _aPreface, Acknowledgements, The Computer and Its Place in Society, The Computer Hardware, Procedures and Programs, Flowcharting, Decision Tables, Peripheral Handling and Buffering and Multiprogramming, Input, Output, Backing Store, Program Design, A Simple Data Processing System, Software, Program and System Testing, Standards, The Programmer and His Work and Environment and Training and Prospects, A Professional Approach, Appendix, Index.
520 _aPreface, Acknowledgements, The Computer and Its Place in Society, The Computer Hardware, Procedures and Programs, Flowcharting, Decision Tables, Peripheral Handling and Buffering and Multiprogramming, Input, Output, Backing Store, Program Design, A Simple Data Processing System, Software, Program and System Testing, Standards, The Programmer and His Work and Environment and Training and Prospects, A Professional Approach, Appendix, Index.
700 1 _aCollin G. W
_9767
942 _cBK
999 _c562
_d562